00331nam a2200097Ia 4500008004100000245005700041245006300098260000900161650001200170856005100182171211s9999 xx 000 0 und d aApproaches to the History and Dialectology of Arabic cManuel Sartori, Manuela E. B. Giolfo, and Philippe Cassuto c2016 xCULTURE uhttp://down.ebook777.com/062/9789004311503.pdf